|
|
|
|
| LEADER |
00000ckm a2200000 a 4500 |
| 001 |
vtls001232100 |
| 003 |
SK-MaSNL |
| 005 |
20260426001400.0 |
| 007 |
kf co |
| 008 |
230718q1987 xr g 0kuslo |
| 015 |
|
|
|a SNBG1987
|
| 035 |
|
|
|a SNK000179108
|
| 035 |
|
|
|a DC69B45F-2569-4567-AFA7-72E162097AB4
|
| 035 |
|
|
|a urn:nbn:sk:snk-km00giev
|
| 040 |
|
|
|a SNK
|b slo
|c SNK
|e AACR2
|
| 041 |
0 |
|
|a slo
|
| 043 |
|
|
|a e-xo---
|
| 044 |
|
|
|a xr
|c CZ
|
| 072 |
|
7 |
|a 913
|x Regionálna geografia
|2 konspekt
|
| 080 |
|
|
|a 908.437.652(084.121)
|2 1981
|
| 080 |
|
|
|a 913(437.6)
|2 2011
|
| 080 |
|
|
|a 792.05
|2 2011
|
| 080 |
|
|
|a 712.253
|2 2011
|
| 080 |
|
|
|a 711.61
|2 2011
|
| 080 |
|
|
|a 711.582
|2 2011
|
| 080 |
|
|
|a 640.412
|2 2011
|
| 080 |
|
|
|a (084.121)
|2 2011
|
| 080 |
|
|
|a 625.712.4
|2 2011
|
| 080 |
|
|
|a 725.948
|2 2011
|
| 080 |
|
|
|a 725.835
|2 2011
|
| 100 |
1 |
|
|a Tichý, Dušan
|4 pht
|9 231892
|
| 245 |
1 |
0 |
|a Martin
|h grafika
|c foto D. Tichý
|
| 246 |
1 |
|
|i Názov na obrazovej časti:
|a Martin
|
| 260 |
|
|
|a [Praha]
|b Panorama
|c [1987?]
|e Č. Kostelec
|f SG
|
| 300 |
|
|
|a 1 pohľadnica (4 čiastkové pohľady)
|b farebná
|c 11 x 15 cm
|
| 500 |
|
|
|a Rok vydania určený na základe prírastkového čísla
|
| 520 |
8 |
|
|a Zobrazenie: Štyri čiatkové pohľady oddelené bielymi líniami. Uprostred je medzi nimi bielym písmom na červenom podklade v bielom orámovaní názov. Pohľad na budovu Divadla SNP, vľavo je prázdna ulica, vpravo pred divadlom vidno živý plot. Pohľad na Hotel Turiec, v popredí vidno ulicu, vpravo sú dva listnaté stromy. Vľavo v pozadí za ulicou je trávnatá plocha z mestského parku. Pohľad na fontánu v popredí na Námestí Vajanského. V pozadí vidno Dom odborov - Strojár. Pred ním sú rôzne listnaté aj ihličnaté stromy. Pohľad na fontánu na sídlisku Sever, vpravo za ňou je obchodné centrum. Vľavo vidno rad panelových domov
|
| 610 |
2 |
7 |
|a Hotel Turiec (Martin, Slovensko)
|2 SNKKA
|9 283294
|
| 610 |
2 |
7 |
|a Divadlo Slovenského národného povstania
|2 SNKKA
|9 232430
|
| 650 |
0 |
7 |
|a divadlá
|2 SNKPH
|9 29113
|
| 650 |
0 |
7 |
|a hotely
|2 SNKPH
|9 18422
|
| 650 |
0 |
7 |
|a námestia
|2 SNKPH
|9 26291
|
| 650 |
0 |
7 |
|a parky
|2 SNKPH
|9 2942
|
| 650 |
0 |
7 |
|a fontány
|2 SNKPH
|9 3014
|
| 650 |
0 |
7 |
|a kultúrne domy
|2 SNKPH
|9 73211
|
| 650 |
0 |
7 |
|a sídliská
|2 SNKPH
|9 26585
|
| 650 |
0 |
7 |
|a obchody
|2 SNKPH
|9 3004
|
| 651 |
|
7 |
|a Martin (Slovensko)
|2 SNKPHgeo
|9 16875
|
| 651 |
|
7 |
|a Sever (Martin, Slovensko)
|2 SNKPHgeo
|9 184077
|
| 655 |
|
7 |
|a miestne pohľadnice
|2 SNKPH
|9 70510
|
| 852 |
|
|
|a Slovenská národná knižnica
|
| 954 |
|
|
|a pohľadnice pôvodné (slovenské)
|2 lita
|
| 958 |
|
|
|a GBN
|
| 958 |
|
|
|a GC
|
| 958 |
|
|
|a OND
|
| 999 |
|
|
|c 883937
|d 885867
|
| 952 |
|
|
|a SNK
|b SNK
|y PREZ
|7 0
|p 17A1410669
|o snkSP 137261
|i snk27/87
|0 0
|1 0
|4 0
|d 2020-10-19
|f 1
|l 0
|r 2026-02-24 06:23:40
|w 2026-02-24
|
| 952 |
|
|
|a SNK
|b SNK
|y PREZ
|7 0
|p 17A1410668
|o snkSP 137261 D1
|i snk28/87
|0 0
|1 0
|4 0
|d 2020-10-19
|l 0
|r 2026-02-24 06:23:40
|w 2026-02-24
|